Thanh tra tài chính
Nội dung sách gồm những vấn đề cơ bản về thanh tra tài chính. Thanh tra ngân sách nhà nước. Thanh tra tài chính doanh nghiệp thanh tra ngân hàng.
محفوظ في:
| المؤلف الرئيسي: | |
|---|---|
| التنسيق: | كتاب |
| اللغة: | Undetermined |
| منشور في: |
Hà Nội
Tài chính
2000
|
| الموضوعات: | |
| الوسوم: |
إضافة وسم
لا توجد وسوم, كن أول من يضع وسما على هذه التسجيلة!
|
| Thư viện lưu trữ: | Trung tâm Học liệu Trường Đại học Cần Thơ |
|---|
| LEADER | 00739nam a2200205Ia 4500 | ||
|---|---|---|---|
| 001 | CTU_110405 | ||
| 008 | 210402s9999 xx 000 0 und d | ||
| 020 | |c 30000 | ||
| 082 | |a 352.4 | ||
| 082 | |b A107 | ||
| 100 | |a Phạm, Ngọc Ánh | ||
| 245 | 0 | |a Thanh tra tài chính | |
| 245 | 0 | |c Phạm Ngọc Ánh (Chủ biên) | |
| 260 | |a Hà Nội | ||
| 260 | |b Tài chính | ||
| 260 | |c 2000 | ||
| 520 | |a Nội dung sách gồm những vấn đề cơ bản về thanh tra tài chính. Thanh tra ngân sách nhà nước. Thanh tra tài chính doanh nghiệp thanh tra ngân hàng. | ||
| 650 | |a Finance, public | ||
| 904 | |i Tuyến | ||
| 980 | |a Trung tâm Học liệu Trường Đại học Cần Thơ | ||